Governing Europe's marine environment. - Farnham [u.a.] : Ashgate. - 2015 [Rezension]
| Titel: | Governing Europe's marine environment. - Farnham [u.a.] : Ashgate. - 2015 [Rezension] |
|---|---|
| Verfasser: | |
| In: |
Journal of Baltic studies, Band 46, Heft 4 (2015), Seite 549-552 alle Artikel anzeigen |
| Veröffentlicht: | 2015 |
| Format: | Aufsatz |
| Sprache: | Englisch |
X
alg: 39514102
001A $01999:12-11-16
001B $01999:09-08-21 $t17:40:48.000
001D $01999:12-11-16
001U $0utf8
001X $00
002@ $0Aox
003@ $0395141028
007A $0395141028 $aHEB
007T $0Herdc0107902m
010@ $aeng
011@ $a2015
021A $aGoverning Europe's marine environment. - Farnham {[u.a.] : Ashgate. - 2015 [Rezension]
028A $aNechiporuk $dDmitry
031A $d46 $e4 $h549-552 $j2015
039B $aIn $8--Abvc--. Journal of Baltic studies. - Abingdon : Routledge, 1972-. - ISSN 0162-9778 $x201500000460004451 $9047244860
039T $8--Aay--. Governing Europe's marine environment. - Farnham {[u.a.] : Ashgate, 2015. - xiv, 274 S.. - ISBN 978-1-4094-4727-6 $935571292X
045F $a900.9437 $eDDC23BSB
045F/01 $a900
045F/03 $g437
045T $a7,41 $a7,44
lok: 39514102 78
exp: 39514102 78 1 #EPN
201B/01 $018-11-16 $t13:52:02.000
201U/01 $0utf8
203@/01 $0791439739
208@/01 $a12-11-16 $be
209A/01 $a/ $f000 $x00
220C/01 $aTitelaufnehmer: kk
220C/01 $aHerkunft: HI Marburg
244Z/01 $2Trx $#Kesk- ja Ida- Euroopa kontseptsioonid $#Vidurio Europos koncepcijos $#East-Central Europe $#Keletközépeurópa-eszmék $#Europa Środkowo-Wschodnia koncepcje $#Európa stredovýchodná koncepcie $#Evropa střední, východní část koncepce $#Mitteleuropa $#Osteuropakonzeptionen $#Europa Środkowa koncepcje $#Stredná Európa koncepcie $#Střední Europa koncepce $8--Trx--Ostmitteleuropakonzeptionen $x01 $9391364286
244Z/01 $2Trx $#arvustused $#recenzijos $#Reviews $#recenziók $#recenzje $#recenzie $#recenze $8--Trx--Rezensionen $x02 $9391357441
247C/01 $82080>Marburg/Lahn, Herder-Institut, Forschungsbibliothek, Bibliographieportal $9336309341
| LEADER | 00000caa a22000002c 4500 | ||
|---|---|---|---|
| 001 | 395141028 | ||
| 003 | DE-603 | ||
| 005 | 20210809174048.0 | ||
| 007 | tu | ||
| 008 | 161112s2015 xx |||| | u00||u|eng c | ||
| 035 | |a (DE-599)HEB395141028 | ||
| 040 | |a DE-603 |b ger |c DE-603 |d DE-603 | ||
| 041 | |a eng | ||
| 082 | 0 | 4 | |8 1\u |a 900.9437 |q DE-101 |2 23/BSB |
| 084 | |a 7,41 |a 7,44 |2 ssgn | ||
| 085 | |8 1\u |b 900 | ||
| 085 | |8 1\u |z 2 |s 437 | ||
| 100 | 1 | |a Nechiporuk, Dmitry | |
| 245 | 0 | 0 | |a Governing Europe's marine environment. - Farnham [u.a.] : Ashgate. - 2015 [Rezension] |
| 264 | 0 | |c 2015 | |
| 773 | 0 | 8 | |i In |t Journal of Baltic studies |d Abingdon : Routledge, 1972- |x 0162-9778 |g Band 46, Heft 4 (2015), Seite 549-552 |w (DE-603)047244860 |w (DE-600)197751-9 |
| 787 | 0 | 8 | |i Rezension von |t Governing Europe's marine environment |d Farnham [u.a.] : Ashgate, 2015 |h xiv, 274 S. |z 9781409447276 |w (DE-603)35571292X |
| 924 | 0 | |9 2080 |a (DE-603)791439739 |b DE-2080 |c HES |d d |g / | |


